| 000 | pam a22 a 4500 | ||
|---|---|---|---|
| 999 |
_c55 _d55 |
||
| 003 | AKMAL | ||
| 005 | 20170413143700.0 | ||
| 008 | t20142014my ao e 000 0|may d | ||
| 020 |
_a9789671218464 _qpaperback _cRM40.00 |
||
| 040 | _aAKMAL | ||
| 090 | 0 | 0 |
_a336.271409595 _cCHO |
| 100 | 1 |
_aChoong, Kwai Fatt, _cDr., _d1965-, _eauthor. _9192 |
|
| 245 | 1 | 0 |
_aSelangkah Menerokai GST 6% : _bpadat and mudah "paham" je ! / _cDr Choong Kwai Fatt |
| 264 | 1 |
_aKuala Lumpur : _bPeng You Solutions, _c2014 |
|
| 264 | 4 | _c©2014 | |
| 300 |
_a202 pages : _bcolour illustrations, colour photographs ; _c21 cm |
||
| 650 | 1 | 0 |
_aValue-added tax _zMalaysia _9180 |
| 650 | 2 | 0 |
_aTaxation _zMalaysia _9179 |
| 650 | 2 | 0 |
_aSales tax _zMalaysia _9178 |
| 942 |
_2ddc _cBOOK |
||